| 000 | 00615nam a2200205Ii 4500 | ||
|---|---|---|---|
| 001 | 4162 | ||
| 003 | CO-ViMGA | ||
| 008 | 241108s9999||||xx |||||||||||||| ||und|| | ||
| 040 |
_aCO-ViMGA _bspa _erda _cCO-ViMGA |
||
| 041 | 0 | _aunk | |
| 082 | 0 | 4 | _a510-R344 |
| 100 | 1 |
_aC. Ranelletti _953792 |
|
| 245 | 1 | 0 | _aElementos de GeometrÃa Descriptiva |
| 264 | 1 | _a[Lugar de publicación no identificado] : Editorial Gustavo Gili, 1958 | |
| 300 | _avolumen | ||
| 336 |
_atext _btxt _2rdacontent |
||
| 337 |
_aunmediated _bn _2rdamedia |
||
| 338 |
_avolume _bnc _2rdacarrier |
||
| 940 | _aidficha_siabuc: 4070. -- ficha_no_siabuc:4162 | ||
| 999 |
_c50543 _d50543 |
||